The random projection method /
Guardado en:
| Autor Principal: | |
|---|---|
| Formato: | Libro |
| Idioma: | English |
| Publicado: |
Providence, R.I. :
American Mathematical Society,
c2004.
|
| Series: | DIMACS series in discrete mathematics and theoretical computer science ;
v. 65 |
| Materias: | |
| Etiquetas: |
Agregar Etiqueta
Sin Etiquetas, Sea el primero en etiquetar este registro!
|
| LEADER | 00885cam a22002414a 4500 | ||
|---|---|---|---|
| 001 | MAT.inmabb006769 | ||
| 008 | 040311s2004####riua#####b####000#0#eng## | ||
| 005 | 20121226115856.0 | ||
| 245 | 1 | 4 | |a The random projection method / |c Santosh S. Vempala. |
| 260 | |a Providence, R.I. : |b American Mathematical Society, |c c2004. | ||
| 300 | |a ix, 105 p. : |b il. ; |c 26 cm. | ||
| 440 | 0 | |a DIMACS series in discrete mathematics and theoretical computer science ; |v v. 65 | |
| 504 | |a Incluye referencias bibliográficas (p. 97-100). | ||
| 510 | 4 | |a MR, |c 2005j:68002 | |
| 020 | |a 0821820184 | ||
| 020 | |a 0821837931 (pbk.) | ||
| 100 | 1 | |a Vempala, Santosh S. |q (Santosh Srinivas), |d 1971- | |
| 650 | 0 | |a Random projection method. | |
| 650 | 0 | |a Algorithms. | |
| 084 | |a 68-02 (68Q25 68W20 90-02 90C15 90C27) |2 msc2000 | ||
| 010 | |a 2004046181 | ||
| 040 | |a DLC |c DLC |d DLC | ||
| 859 | |h 68 |i V446 |p A-8798 |b BIB. MATEMATICA | ||
